000
00248 a2200097 4500
001
34721
100
_a
Syed A Quddus Quershi
245
_a
Bureaucracy & management in Pakistan
260
_a
Pakistan
_b
Royal Book Co Lahore
_c
090
_c
23003
_d
23003
942
_a
NUST-CAE
_c
M
_c
14452
999
_c
269794
_d
269794